[Event "Heusenstamm Sparkassen op-A 5th"]
[Site "Heusenstamm"]
[Date "2018.11.24"]
[Round "5"]
[White "Worzelberger, Armin"]
[Black "Zeitz, Joachim"]
[Result "1/2-1/2"]
[WhiteElo "1744"]
[BlackElo "1753"]
[PlyCount "95"]
[EventDate "2018.11.22"]
[EventType "swiss"]
[EventRounds "7"]
[EventCountry "GER"]
[SourceTitle "CBM 188 Extra"]
[Source "ChessBase"]
[SourceDate "2019.02.26"]
[SourceVersion "1"]
[SourceVersionDate "2019.02.26"]
[SourceQuality "1"]

1. Nf3 Nf6 2. c4 e6 3. d4 d5 4. Nc3 Be7 5. h3 a6 6. Bf4 0-0 7. e3 b6 8. Bd3 dxc4 9. Bxc4 Bb7 10. 0-0 c5 11. Re1 Nc6 12. dxc5 Bxc5 13. Na4 Bb4 14. Re2 b5 15. a3 Ba5 16. Nc5 Qc8 17. Ba2 Rd8 18. Qc2 Bc7 19. Rc1 Bxf4 20. exf4 Na5 21. Ng5 Bd5 22. Bb1 h6 23. b4 Nc4 24. Nge4 Nxe4 25. Nxe4 f5 26. Nc5 Nxa3 27. Qb2 Nc4 28. Qc3 a5 29. Bxf5 exf5 30. Re7 Bf7 31. Ne6 Qxe6 32. Rxe6 Bxe6 33. bxa5 Rxa5 34. Qb4 Rda8 35. Kh2 Kf7 36. Rb1 Na3 37. Rb2 Ra4 38. Qd6 R8a7 39. Re2 R4a6 40. Qb8 Nb1 41. Rxe6 Kxe6 42. Qe5+ Kf7 43. Qxf5+ Rf6 44. Qd5+ Kg6 45. Qxb5 Na3 46. Qd3+ Kf7 47. Qd5+ Kg6 48. Qd3+ 1/2-1/2

[Event "Frankfurt-chA"]
[Site "Frankfurt"]
[Date "2018.05.28"]
[Round "4"]
[White "Worzelberger, Armin"]
[Black "Popp, Matthias"]
[Result "1-0"]
[WhiteElo "1762"]
[BlackElo "1516"]
[PlyCount "95"]
[EventDate "2018.04.30"]
[EventType "swiss"]
[EventRounds "7"]
[EventCountry "GER"]
[SourceTitle "EXT 2019"]
[Source "ChessBase"]
[SourceDate "2018.10.10"]
[SourceVersion "1"]
[SourceVersionDate "2018.10.10"]
[SourceQuality "1"]

1. e4 c5 2. Bc4 Nc6 3. f4 e6 4. Nc3 g6 5. Nf3 Bg7 6. h4 Nge7 7. h5 h6 8. hxg6 fxg6 9. Nb5 d5 10. exd5 exd5 11. Bd3 Bf5 12. Bxf5 Nxf5 13. g4 Nd6 14. c3 Nxb5 15. 0-0 Qc7 16. Qe2+ Kd7 17. Qxb5 b6 18. d4 a6 19. Qd3 Qd6 20. Ne5+ Nxe5 21. dxe5 Qe6 22. f5 Qxe5 23. Bf4 Qe4 24. Qxe4 dxe4 25. Rad1+ Ke7 26. Bc7 gxf5 27. gxf5 Rhg8 28. Kh2 b5 29. Rd5 c4 30. Re1 Rae8 31. Rxe4+ Kf7 32. Rf4 Re2+ 33. Kh3 Bf6 34. Rf3 Rg1 35. Rd7+ Ke8 36. Rh7 Rh1+ 37. Kg4 Rg2+ 38. Rg3 Rxg3+ 39. Bxg3 Bg5 40. Ra7 Rb1 41. Rxa6 Rxb2 42. Be5 Rg2+ 43. Kf3 Rd2 44. Ke4 Rd3 45. a4 Re3+ 46. Kd5 Rd3+ 47. Ke6 Re3 48. Ra8+ 1-0

[Event "Frankfurt-chA"]
[Site "Frankfurt"]
[Date "2016.06.13"]
[Round "7"]
[White "Worzelberger, Armin"]
[Black "Kiel, Gerhard"]
[Result "1-0"]
[WhiteElo "1810"]
[BlackElo "1466"]
[PlyCount "43"]
[EventDate "2016.04.25"]
[EventType "swiss"]
[EventRounds "9"]
[EventCountry "GER"]
[SourceTitle "EXT 2018"]
[Source "ChessBase"]
[SourceDate "2017.10.13"]
[SourceVersion "1"]
[SourceVersionDate "2017.10.13"]
[SourceQuality "1"]

1. e4 g6 2. Bc4 a6 3. f4 b5 4. Bb3 Bb7 5. d3 Bg7 6. Nf3 e6 7. 0-0 Ne7 8. a4 c5 9. Nc3 b4 10. Ne2 Nbc6 11. Be3 d6 12. c3 Rc8 13. Ng5 bxc3 14. Bxe6 0-0 15. Nxf7 Rxf7 16. Qb3 Rb8 17. Bxf7+ Kf8 18. bxc3 Na5 19. Qa2 d5 20. Be6 dxe4 21. Bxc5 Qxd3 22. Bg8 1-0

[Event "Frankfurt-chA"]
[Site "Frankfurt"]
[Date "2014.05.19"]
[Round "4"]
[White "Biegel, Thomas"]
[Black "Worzelberger, Armin"]
[Result "1-0"]
[WhiteElo "1975"]
[BlackElo "1766"]
[PlyCount "81"]
[EventDate "2014.04.28"]
[EventType "swiss"]
[EventRounds "7"]
[EventCountry "GER"]
[SourceTitle "EXT 2015"]
[Source "ChessBase"]
[SourceDate "2014.11.20"]
[SourceVersion "1"]
[SourceVersionDate "2014.11.20"]
[SourceQuality "1"]

1. c4 Nf6 2. Nf3 d6 3. g3 e5 4. Nc3 c6 5. Bg2 Be7 6. 0-0 Nbd7 7. Rb1 a5 8. a3 h6 9. b4 d5 10. d4 e4 11. Ne5 Bd6 12. Bf4 Qc7 13. cxd5 Nxe5 14. dxe5 Bxe5 15. d6 Qxd6 16. Qxd6 Bxd6 17. Bxd6 axb4 18. axb4 Nd5 19. Nxd5 cxd5 20. Ra1 Rxa1 21. Rxa1 Kd7 22. Be5 f6 23. Bd4 Kc6 24. Ra8 Re8 25. Bh3 Bd7 26. Bxd7+ Kxd7 27. Rxe8 Kxe8 28. Kg2 Kf7 29. f3 Ke6 30. Kf2 g6 31. Ke3 g5 32. fxe4 dxe4 33. Kxe4 f5+ 34. Kf3 Kf7 35. e4 Kg6 36. exf5+ Kxf5 37. g4+ Kg6 38. Ke4 h5 39. h3 hxg4 40. hxg4 b5 41. Kd5 1-0